000 00721nam a2200205 a 4500
001 000021732
005 20200930011428.0
008 100910s2002 pr ac r 000 0 spa d
020 _a1563280086
040 _aDO-SdBNP
_bspa
_cBNPHU
082 _axxxxx
_bC221l
100 1 _aCanetti-Mirabal, Ileana
_945176
245 1 0 _aLengua, literatura y comunicación :
_bantología de lecturas, ejercicios gramaticales y destrezas lingüísticas /
_cIleana canetti-Mirabal.
250 _a13a ed.
260 _aSan Juan, Puerto Rico :
_bEditorial Plaza Mayor,
_c2002.
300 _axvii, 265 p. :
_bil., retrs. ;
_c27 cm.
500 _aIncluye índice alfabético.
500 _aIncluye bibliografía p. [259-261]
049 _aBNGR
999 _c21231
_d21231